000 00506nam a2200157 i 4500
001 29218
003 ES-MaACL
005 20230906154006.0
007 t|
008 030121s1936 py ||||1| spa d
100 1 _aBareiro, José Doroteo.
_925610
245 1 0 _aRepública del Paraguay
_b: catálogo de testamentos y codicilos del Archivo Nacional /
_cpor el paleógrafo José Doroteo Bareiro.
260 _aAsunción :
_b[s.n.,
_c1936] (
_fImp. Nacional)
300 _a71 p.
852 _aES-MaACL
_j1823-F-9
999 _c29218
_d29218